Ruiny Zamków w Dolnośląskim - Statystyki

Ogólne statystyki
  • Ten quiz został rozwiązany 10 razy
  • Średni wynik to 6 z 45
Statystyki odpowiedzi
Miejscowość % Poprawnych
Bolków
56%
Grodziec
56%
Jelenia Góra
56%
Wałbrzych
56%
Ząbkowice Śląskie
44%
Milicz
33%
Wleń
33%
Chobienia
22%
Janowice Wielkie
22%
Rybnica
22%
Rybnica Leśna
22%
Świecie
22%
Świny
22%
Uraz
22%
Zagórze Śląskie
22%
Bardo
11%
Czarny Bór
11%
Jelcz-Laskowice
11%
Kamienna Góra
11%
Proszówka
11%
Smolec
11%
Witostowice
11%
Chocianowiec
0%
Ciepłowody
0%
Cieszów
0%
Czernina Górna
0%
Gościszów
0%
Grzędy
0%
Grzmiąca
0%
Jędrzychowice
0%
Karpniki
0%
Kłaczyna
0%
Lipa
0%
Nowy Kościół
0%
Owiesno
0%
Panków
0%
Piotrowice Świdnickie
0%
Radłówka
0%
Radzichów
0%
Rogów Sobócki
0%
Rokitnica
0%
Rząsiny
0%
Stara Kamienica
0%
Stara Kraśnica
0%
Warta Bolesławiecka
0%
Nie znaleziono quizów pasujących do podanych kryteriów
Rozkład punktacji
Procent ludzi z każdym wynikiem
Percentyl według liczby udzielonych odpowiedzi
Twoja historia wyników
Nie rozwiązałeś tego quizu